History Quiz

Random History or Decade Quiz

Classified Ads Through History Quiz Stats

 Plays Quiz Updated Jan 27, 2015

Challenge
Share
Tweet
Embed
Score 0/12 Timer 06:00
7 Plays Today
Hint Historical figure % Correct
PersonalsLeonardo da Vinci
94.1%
PersonalsPlato
86.3%
WantedMichelangelo
77.9%
EmploymentGalileo Galilei
77.6%
EmploymentMeriwether Lewis & William Clark
71.6%
EmploymentHannibal
63.9%
WantedJames Madison
55.8%
WantedCharlemagne
43.7%
For SaleIsaac Newton or Gottfried Leibniz
42.9%
For SaleKarl Marx
37.9%
For SaleArchimedes
35.5%
PersonalsAdam Smith
32.2%

You're not logged in!

Compare scores with friends on all Sporcle quizzes.
OR
Log In

You Might Also Like...

Show Comments

Extras

Top Quizzes Today


Score Distribution

Your Account Isn't Verified!

In order to create a playlist on Sporcle, you need to verify the email address you used during registration. Go to your Sporcle Settings to finish the process.

Report this User

Report this user for behavior that violates our Community Guidelines.

Details: